000 00733nam a2200229 i 4500
001 91927
003 ES-MaACL
005 20250827063213.0
007 t|
008 050308s1997 sp a |||| | spa d
020 _a84-7782-475-4
080 _a914.60(084)
100 1 _aRegàs, Rosa,
_d1933-2024
_9242068
245 1 0 _aEspaña
_b: una nueva mirada /
_ctexto, Rosa Regàs ; fotografías, Matías Briansó ... [et al.].
260 _aBarcelona :
_bLunwerg,
_c[1997]
300 _a131 p. :
_bprincipalmente il. col. ;
_c31 cm.
546 _aTexto en español e inglés.
651 4 _aEspaña-
_vObras ilustradas.
_98388
700 1 _aBriansó, Matias.
_931674
852 _aES-MaACL
_jL-28972
999 _c91927
_d91927